Loading...
| Current Events | 1 | 20.00 | 100% | 100% | 0% |
| Fine Arts - Classical Music | 7 | 22.86 | 100% | 86% | 43% |
| Fine Arts - Other Fine Arts | 6 | 16.67 | 100% | 50% | 17% |
| Geography | 2 | 20.00 | 100% | 100% | 0% |
| History - American History | 7 | 14.29 | 100% | 43% | 0% |
| History - European History | 2 | 25.00 | 100% | 100% | 50% |
| History - Other History | 5 | 20.00 | 100% | 80% | 20% |
| History - World History | 5 | 24.00 | 100% | 100% | 40% |
| Literature - American Literature | 7 | 17.14 | 100% | 57% | 14% |
| Literature - British Literature | 5 | 14.00 | 100% | 40% | 0% |
| Literature - European Literature | 5 | 16.00 | 100% | 60% | 0% |
| Literature - World Literature | 5 | 18.00 | 100% | 60% | 20% |
| Mythology | 7 | 20.00 | 100% | 57% | 43% |
| Painting/Sculpture | 5 | 22.00 | 100% | 100% | 20% |
| Philosophy | 3 | 20.00 | 100% | 67% | 33% |
| Pop Culture | 3 | 16.67 | 100% | 33% | 33% |
| Religion | 5 | 20.00 | 100% | 80% | 20% |
| Science - Biology | 6 | 15.00 | 100% | 50% | 0% |
| Science - Chemistry | 6 | 16.67 | 83% | 83% | 0% |
| Science - Other Science | 4 | 17.50 | 100% | 50% | 25% |
| Science - Physics | 6 | 21.67 | 100% | 83% | 33% |
| Social Science | 5 | 14.00 | 100% | 20% | 20% |